Unstoppable : [the incredible power of faith in action] /

Being unstoppable is about believing and achieving. It's about having faith in yourself, your talents and your purpose and, most of all, in God's great love and His divine plan for your life. Millions around the world recognize the smiling face and inspirational message of Nick Vujicic. De...

Full description

Bibliographic Details
Main Author: Vujicic, Nick
Corporate Authors: Random House Audio Publishing, Books on Tape, Inc
Format: CD Audio Book
Language:English
Published: [Westminister, Md.] : Random House Audio : Books on Tape, [2012]
Edition:Unabridged.
Subjects:

MARC

Tag First Indicator Second Indicator Subfields
LEADER 00000cim a2200000Ia 4500
001 in00002785920
005 20151202171611.0
007 sd fungnn|||eu
008 120228s2012 mdunnnn z n eng d
020 |a 9780449012819 :  |c $30.00 
020 |a 0449012816 :  |c $30.00 
020 |a 9780449012796 
020 |a 0449012794 
028 0 2 |a RHA3861  |b Books on Tape 
035 |a (OCoLC)ocn779258288 
040 |a BTCTA  |b eng  |c BTCTA  |d BDX  |d TEFBT  |d OCLCA  |d TEF  |d TEFBT  |d GK8  |d MR0  |d UtOrBLW 
049 |a TXAM 
050 1 4 |a BV4637  |b .V625 2012b 
082 0 4 |a 248.8/6  |2 23 
100 1 |a Vujicic, Nick. 
245 1 0 |a Unstoppable :  |b [the incredible power of faith in action] /  |c Nick Vujicic. 
250 |a Unabridged. 
264 1 |a [Westminister, Md.] :  |b Random House Audio :  |b Books on Tape,  |c [2012] 
264 4 |c ℗2012 
300 |a 7 sound discs (approximately 8 hr., 2 min.) :  |b digital ;  |c 4 3/4 in. 
306 |a 080000 
336 |a spoken word  |b spw  |2 rdacontent 
337 |a audio  |b s  |2 rdamedia 
338 |a audio disc  |b sd  |2 rdacarrier 
500 |a Subtitle from container. 
511 0 |a Read by the author. 
500 |a Compact discs. 
520 |a Being unstoppable is about believing and achieving. It's about having faith in yourself, your talents and your purpose and, most of all, in God's great love and His divine plan for your life. Millions around the world recognize the smiling face and inspirational message of Nick Vujicic. Despite being born without arms or legs, Nick's challenges have not kept him from enjoying great adventures, a fulfilling and meaningful career, and loving relationships. 
500 |a Sound recording. 
650 0 |a Faith. 
650 0 |a Encouragement  |x Religious aspects  |x Christianity. 
650 0 |a Inspiration  |x Religious aspects  |x Christianity. 
650 0 |a Success  |x Religious aspects  |x Christianity. 
655 7 |a Audiobooks.  |2 lcgft 
710 2 |a Random House Audio Publishing. 
710 2 |a Books on Tape, Inc. 
948 |a cataloged  |b h  |c 2012/12/17  |d c  |e ceaton  |f 9:26:42 am 
994 |a C0  |b TXA 
999 |a MARS 
999 f f |s 62b27be1-0447-34d5-a07d-877312c3662a  |i 9692a735-99a1-3691-9fb1-1f5f7b8fb9d0  |t 0 
952 f f |p ric  |a Texas A&M University  |b Rellis Campus  |c Joint Library Facility  |d Remote Storage  |t 0  |e BV4637 .V625 2012b  |h Library of Congress classification  |i audio -- audio disc  |m A14841623343 
998 f f |a BV4637 .V625 2012b  |t 0  |l Remote Storage